00678nam a2200205Ia 4500008004100000020001500041082001700056100001900073245004000092250000600132260002500138300001000163500002400173650001600197700002500213942000700238952010600245952010600351999001500457230524s9999 xx 000 0 und d a0070472580 a621.382bLEE aDonald P.Leech 0aDigital Principles and Applications a* aNEW DELHIbTMHc2005 aX;638 aQuantity Number: 2 aElectronics a Albert Paul Malvino cBK 00104070aTATCLbTATCLcGENd2023-05-24l0o621.382 LEEp1377r2023-05-24w2023-05-24yBKzCPEC5203 00104070aTATCLbTATCLcGENd2023-05-24l0o621.382 LEEp1378r2023-05-24w2023-05-24yBKzCPEC5203 c7854d7854